| 000 | 00540nam a22001697a 4500 | ||
|---|---|---|---|
| 005 | 20231101134431.0 | ||
| 008 | 231101b |||||||| |||| 00| 0 eng d | ||
| 020 | _a0702128198 | ||
| 041 | _aEnglish | ||
| 082 | _a346.7 GRO | ||
| 100 |
_aGrove, NJ and Jacobs, L _lEnglish |
||
| 245 |
_aBasic Principles of Consumer Credit Law / _cNJ Grove and L Jacobs |
||
| 260 |
_aCape Town : _bJuta and Company Ltd, _c1993 |
||
| 300 |
_bxvi, 112 pages ; _c25, 5 cm. |
||
| 650 |
_aLegal practice _bLaw |
||
| 942 |
_cBK _6ALISON_BN_VRIES |
||
| 999 |
_c227 _d227 |
||